Jobben oder arbeiten? Anglizismen ein bisschen anders

Salvato in:
Dettagli Bibliografici
Autore principale: Seresová, Katarína, 1967-
Altri autori: Zavrl, Irena, Štefančík, Radoslav, 1976-
Natura: Libro
Lingua:tedesco
Pubblicazione: Hamburg Verlag Dr. Kovač 2020
Edizione:1. Auflage
Serie:Studien zur Germanistik Band 83
Soggetti:
Tags: Aggiungi Tag
Nessun Tag, puoi essere il primo ad aggiungerne!!

MARC

LEADER 00000nam a2200000 4500
001 0259964
005 20250425123626.8
020 |a 978-3-339-11354-2 
020 |a 978-3-339-11355-9 
041 0 |a ger 
044 |a DE 
245 1 0 |a Jobben oder arbeiten?  |b Anglizismen ein bisschen anders  |c Katarína Seresová ; Gutachter: Irena Zavrl, Radoslav Štefančík 
250 |a 1. Auflage 
264 1 |a Hamburg  |b Verlag Dr. Kovač  |c 2020 
300 |a 115 s. [7,11 AH] 
490 1 |a Studien zur Germanistik  |v Band 83 
830 0 |a Studien zur Germanistik  |v Band 83 
610 2 0 |a jazyky cudzie 
610 2 0 |a jazyk odborný 
610 2 0 |a angličtina 
610 2 0 |a lexikológia 
610 2 0 |a komunikácia 
610 2 0 |a morfológia 
610 2 0 |a fonetika 
100 1 |a Seresová, Katarína, 1967- 
700 1 |a Zavrl, Irena 
700 1 |a Štefančík, Radoslav, 1976-